000 00302nam a2200109Ia 4500
008 200302s9999 xx 000 0 und d
100 _aA Moster Draftman's Record
245 _aThe power of buildings hugh ferriss
260 _bDover Publication Inc mineola /New Yark
260 _c2008
300 _a102 P.,
999 _c4146
_d4146